| 000 | 00438nam a2200181Ia 4500 | ||
|---|---|---|---|
| 999 |
_c48139 _d48139 |
||
| 003 | OSt | ||
| 005 | 20251024153533.0 | ||
| 008 | 250407s9999||||xx |||||||||||||| ||und|| | ||
| 020 | _a9789357059619 | ||
| 040 | _c0 | ||
| 082 |
_a302 _bBHA/F |
||
| 100 | _aBhatia,Puneet Singh | ||
| 245 | 0 | _aFundamentals of Digital Marketing | |
| 250 | _a3rd Ed. | ||
| 260 |
_aNoida _bPerson India Education _c2023 |
||
| 300 | _a488p. | ||
| 942 |
_cBK _2ddc |
||